000 00307nam a22001337a 4500
008 181226b xxu||||| |||| 00| 0 eng d
020 _a9780321571304
041 _aeng
080 _212th
_a510
100 _a36
101 _aMAT
245 _aCalculus & its Applications
_cGoldstein,L.J
942 _2udc
_cBK
999 _c53791
_d53791